| 000 | 00882nam a22001937a 4500 | ||
|---|---|---|---|
| 003 | BR-ViAPE | ||
| 005 | 20260602113027.0 | ||
| 008 | 260602m18921899por g lllls001 0 por d | ||
| 040 | _cBR-ViAPE | ||
| 110 |
_aEspírito Santo _bEstado |
||
| 245 |
_aDecretos do governo municipal do Porto do Cachoeiro de Santa Leopoldina: _b1892 a 1898 |
||
| 260 |
_aVitória _bPapelaria e Typ. de A. Moreira Dantas _c1899 |
||
| 300 |
_a162 p. _bDocumento digitalizado (PDF) |
||
| 500 | _aDocumento digitalizado do acervo institucional do Arquivo Público do Estado do Espírito Santo - APEES. | ||
| 650 |
_aLegislação _xDecretos _zSanta Leopoldina (ES) |
||
| 651 | _aEspírito Santo (Brasil) | ||
| 856 |
_uhttps://ape.es.gov.br/Media/ape/PDF/Livros/Livros_Historicos/Obras_raras/seculo_XIX/APEES_OR_decretos_st_leop_1892_1898.pdf _yCLIQUE AQUI PARA ACESSAR O DOCUMENTO |
||
| 942 |
_2ddc _cOBRAS_RARA _n1 |
||
| 999 |
_c746 _d746 |
||